Utilization of Industry 5.0 Principles in Enterprises

Salvato in:
Dettagli Bibliografici
Autore principale: Zahradník, Peter, 1995-
Natura: Capitolo di libro
Lingua:inglese
Soggetti:
Tags: Aggiungi Tag
Nessun Tag, puoi essere il primo ad aggiungerne!!

MARC

LEADER 00000naa$a2200000$$$4500
001 0314418
005 20260126080031.4
041 0 |a eng 
044 |a SK 
245 1 0 |a Utilization of Industry 5.0 Principles in Enterprises  |c Dana Hrušovská 
610 2 0 |a ekonómia 
610 2 0 |a manažment 
610 2 0 |a podnikanie 
610 2 0 |a digitalizácia 
610 2 0 |a financie 
100 1 |a Zahradník, Peter, 1995-